Quel est ce désert de fiction ? - Statistiques

Statistiques générales
  • Ce quiz a été pris 9 fois
  • Le résultat moyen est 2 sur 16
Statistiques - réponses
Description Désert de fiction % Correct
Paul Atréides y vit ses aventures aux côtésde sa mère Arrakis
63%
Planète d'origine du jeune Luke Skylwalker Tatooine
63%
Plus vaste désert de l'univers Zelda, il estdévasté par une des 4 créatures divines dans Breath of the Wild Désert Gerudo
50%
Désert d'Unys qui abrite le Château Enfoui,vestige d'une ancienne famille royale de la région, dans les jeux Pokémon de la 5ème génération Désert Délassant
25%
Le plus emblématique des déserts de la saga des Mario Kart Désert Sec Sec
13%
Les Jedi ont affronté les Séparatistes dans une arène de cette planète-désert Géonosis
13%
Région aride située à l'est du Protectoratdans Dragon Quest IX, dont la principale ville est Ouadi Aridi
0%
Désert d'origine des Ishval dans Full Metal Alchemist Désert d'Amestris
0%
Principal désert de Secret of Mana, dont le nom vient de la ville qui le borde au nord Désert de Kakkara
0%
Désert du royaume d'Alabasta dansOne Piece Désert de Sandora
0%
Dans Final Fantasy X, c'est ici qu'on se réveille et qu'on doit chercher nos coéquipiers Désert de Sanubia
0%
La ville de Qarth est protégée des attaquesdes Dothrakis par ce désert d'Essos Désert Rouge
0%
Plus grand désert du monde d'Avatar le dernier maître de l'air, peuplé par les Tribus de Maîtres du Sable Désert Si Wong
0%
Dans le premier jeu Sonic, Sonic doit y sauver la princesse Elise Dusty Desert
0%
La Bande de chasseurs de trésor fait partiede cette région désertique de Red Dead Redemption II entre autres Gaptooth Ridge
0%
Zone désertique dans God of War Ragnarok Sables défendus
0%
Aucun quiz correspondant
Distribution des résultats
% des personnes avec chaque résultat
Percentile par nombre de réponses
Votre historique - résultats
Vous n’avez pas pris ce quiz